Tate McRae - Chansons commençant par D - Statistiques

Statistiques générales
  • Ce quiz a été pris 15 fois
  • Le résultat moyen est 3 sur 6
Statistiques - réponses
Hint Réponse % Correct
D Dear god
92%
D Distant
58%
D Drown
58%
D don't be sad
50%
D Don't Come Back
50%
D Darkest Hour
25%
Aucun quiz correspondant
Distribution des résultats
% des personnes avec chaque résultat
Percentile par nombre de réponses
Votre historique - résultats
Vous n’avez pas pris ce quiz